Ridley Scott Movies - Sudden Death - Statistics

General Stats
  • This quiz has been taken 121 times
  • The average score is 8 of 29
Answers on the Grid
Answers color-coded by a green-red scale on the quiz's grid according to % correct below.
The Duellists
Crimson Tide
Face/Off
Alien
Blade Runner
Dangerous Minds
Legend
Good Will Hunting
The Truman Show
Twister
Someone to Watch Over Me
Armageddon
Black Rain
Jerry Maguire
Thelma & Louise
1492: Conquest of Paradise
Die Hard
Walk the Line
Predator
White Squall
Training Day
G.I. Jane
Gladiator
The Hunt for Red October
Hannibal
Ocean's Eleven
Black Hawk Down
Speed
Lost in Translation
Matchstick Men
Troy
Kingdom of Heaven
A Good Year
Basic Instinct
American Gangster
The Last Samurai
Body of Lies
Robin Hood
Prometheus
Medicine Man
The Counselor
Exodus: Gods and Kings
The Martian
Independence Day
Alien: Covenant
All the Money in the World
The Bodyguard
The Last Duel
The Crow
House of Gucci
Philadelphia
Erin Brockovich
A Beautiful Mind
Cocoon
Napoleon
Universal Soldier
The Sixth Sense
Gladiator II
Mrs. Doubtfire
Vanilla Sky
 
Answer Stats
Answer % Correct
Alien
78%
Gladiator
63%
Blade Runner
62%
Gladiator II
50%
Napoleon
43%
Thelma & Louise
41%
The Duellists
37%
Black Hawk Down
36%
Prometheus
35%
Alien: Covenant
31%
American Gangster
27%
Kingdom of Heaven
27%
The Martian
26%
House of Gucci
24%
Robin Hood
23%
The Last Duel
23%
1492: Conquest of Paradise
21%
G.I. Jane
21%
Hannibal
21%
Body of Lies
19%
Legend
19%
Exodus: Gods and Kings
17%
Black Rain
16%
Matchstick Men
16%
The Counselor
14%
A Good Year
13%
All the Money in the World
13%
White Squall
9%
Someone to Watch Over Me
8%
No matching quizzes found
Score Distribution
Percent of People with Each Score
Percentile by Number Answered
Your Score History
You have not taken this quiz